The Membership structures of UK professional associations (Record no. 103681)

MARC details
000 -LEADER
fixed length control field 01064cam a2200265 4500
001 - CONTROL NUMBER
control field
008 - FIXED-LENGTH DATA ELEMENTS--GENERAL INFORMATION
fixed length control field 040727n2002 000 0 eng u
020 ## - INTERNATIONAL STANDARD BOOK NUMBER
International Standard Book Number 0953834743
035 ## - SYSTEM CONTROL NUMBER
System control number (Sirsi) u126935
041 ## - LANGUAGE CODE
Language code of text/sound track or separate title eng.
050 ## - LIBRARY OF CONGRESS CALL NUMBER
Classification number 658.1148
-- 18
100 ## - MAIN ENTRY--PERSONAL NAME
Personal name Friedman, A.
245 #4 - TITLE STATEMENT
Title The Membership structures of UK professional associations
260 ## - PUBLICATION, DISTRIBUTION, ETC.
Place of publication, distribution, etc. [S.l.]
Name of publisher, distributor, etc. PARN
Date of publication, distribution, etc. 2002
300 ## - PHYSICAL DESCRIPTION
Extent xiii, 71p.
Dimensions 21cm.
350 ## - PRICE (NR) (BK AM CF MU VM SE) [OBSOLETE]
Price 20
520 ## - SUMMARY, ETC.
Summary, etc. This study offers professional associations an insight into the intricacies of membership structures and requirements. It examines the different groups to which membership is open, hierarchies of membership and the range of qualifications and experience required. Finally, the book offers conclusions and a set of recommendations for good practice.
650 ## - SUBJECT ADDED ENTRY--TOPICAL TERM
Topical term or geographic name entry element PROFESSIONAL ASSOCIATIONS
650 ## - SUBJECT ADDED ENTRY--TOPICAL TERM
Topical term or geographic name entry element MEMBERSHIP ORGANISATIONS
690 ## - LOCAL SUBJECT ADDED ENTRY--TOPICAL TERM (OCLC, RLIN)
Topical term or geographic name as entry element MANAGEMENT-BUSINESS MANAGEMENT
700 ## - ADDED ENTRY--PERSONAL NAME
Personal name Phillips, M.
700 ## - ADDED ENTRY--PERSONAL NAME
Personal name Cruickshank, I.
710 ## - ADDED ENTRY--CORPORATE NAME
Corporate name or jurisdiction name as entry element Professional Associations Research Network
9 (RLIN) 4647
942 ## - ADDED ENTRY ELEMENTS (KOHA)
Suppress in OPAC 0
Holdings
Withdrawn status Lost status Source of classification or shelving scheme Damaged status Not for loan Home library Current library Shelving location Date acquired Cost, normal purchase price Total Checkouts Full call number Barcode Date last seen Date last checked out Copy number Cost, replacement price Price effective from Koha item type
    Dewey Decimal Classification     London London Books 14/09/2004 20.00 2 658.1148 FRI 30069423 06/08/2019 20/03/2008 1 20.00 06/08/2019 Book